zpět

Detail výsledku týmu

Chicago Bar & Grill ČT, Liberec

Datum a čas kvízu

15.5 Celkem bodů Celkový počet nahraných bodů na tomto kvízu bez doplňovacích otázek.
8. Pořadí na kvízu Konečné umístění týmu na tomto kvízu.

Zaznamenané odpovědi

# Otázka Odpověď Body Výsledky
1. V mnohých domácnostech na Chom... Zásilkovna 0
2. Který člen britské královské r... princ George, 11. narozeniny 0
3. Česká televize odtajnila někte... Václav Neužil 0
4. V ulicích 38tisícového Vernier... C) vystavování venkovní reklamy 0
5. Který český prvoligový fotbalo... Teplice, Kabát 1
6. Jak se označuje tento druh těs... tarhoňa 1
7. V souvislosti s rýží a jejím v... arsen 0
8. Nyní se zaměříme naopak na lát... pohanka 0
9. Zobrazený tenký měkký chléb je... lavaš 0
10. Pod kterým jednoslovným názvem... quinoa 0